000 00585nam a2200181Ia 4500
008 090124s9999 xx 000 0 und d
082 _b124827
100 _aमंगेशकर गीता / बांदोडकर गौरी
245 _a बोरबन
250 _a1
260 _c1991
300 _a184
600 _aमंगेशकर गीता / बांदोडकर गौरी
630 _a बोरबन
700 _aमंगेशकर गीता / बांदोडकर गौरी
730 _a बोरबन
942 _cBOOK
999 _c170914
_d170914